Energy statistics of non-OECD countries 1998-1999

Salvato in:
Dettagli Bibliografici
Ente Autore: OECD. International Energy Agency
Natura: Libro
Lingua:inglese
francese
Pubblicazione: Paris OECD/IEA 2001
Serie:IEA statistics
Soggetti:
Tags: Aggiungi Tag
Nessun Tag, puoi essere il primo ad aggiungerne!!

MARC

LEADER 00000nam a2200000 4500
001 c129042
005 20240104114835.2
020 |a 92-64-08743-5 
041 0 |a eng 
041 0 |a fre 
044 |a FR 
245 1 0 |a Energy statistics of non-OECD countries 1998-1999 
264 1 |a Paris  |b OECD/IEA  |c 2001 
300 |a [806 s.] 
490 1 |a IEA statistics 
830 0 |a IEA statistics 
610 2 0 |a energia 
610 2 0 |a energetika 
610 2 0 |a údaje štatistické 
610 2 0 |a porovnanie štatistické medzinárodné 
610 2 0 |a svet 
610 2 0 |a 1998-1999 
610 2 0 |a palivá 
610 2 0 |a vývoz 
610 2 0 |a dovoz 
610 2 0 |a priemysel palivovo-energetický 
710 2 |a OECD. International Energy Agency